El christianismo instruido en su ley (Record no. 8420)

MARC details
000 -CABECERA
campo de control de longitud fija 02169nam a2200277 a 4500
001 - NÚMERO DE CONTROL
campo de control BRCA_8769
005 - FECHA Y HORA DE LA ÚLTIMA TRANSACCIÓN
campo de control 20190320210412.0
008 - DATOS DE LONGITUD FIJA--INFORMACIÓN GENERAL
campo de control de longitud fija 290317s1777----sp-#######---#000-0#spa-#
041 ## - CÓDIGO DE LENGUA
Código de lengua del texto/banda sonora o título independiente spa
044 ## - CÓDIGO DEL PAÍS DE LA ENTIDAD EDITORA/PRODUCTORA
Código MARC del país sp
084 ## - OTRO NÚMERO DE CLASIFICACIÓN
Número de clasificación BE134
Número de documento/Ítem .S46 1777
100 1# - ENTRADA PRINCIPAL--NOMBRE DE PERSONA
Nombre de persona Señeri, Pablo
Fechas asociadas al nombre 1624-1694
9 (RLIN) 21265
245 10 - MENCIÓN DE TÍTULO
Título El christianismo instruido en su ley
Resto del título discursos morales y doctrinales
Mención de responsabilidad, etc. dados a luz en lengua toscana por el Rmo. Padre Pablo Señeri, de la extinguida compañía de Jesús, predicador que fue de nuestro santissimo Padre Inocencio XII; y traducidos al castellano por Don Juan de Espinola, Baeza, Echaburu.
260 ## - PUBLICACIÓN, DISTRIBUCIÓN, ETC.
Lugar de publicación, distribución, etc. Madrid
Nombre del editor, distribuidor, etc. En la Imprenta de Blas Román
Fecha de publicación, distribución, etc. 1777
300 ## - DESCRIPCIÓN FÍSICA
Extensión [4], 451 p. (t.4)
Dimensiones 21.2 x 15.5 cm.
500 ## - NOTA GENERAL
Nota general Con las licencias necesarias
500 ## - NOTA GENERAL
Nota general En portada: Obra utilísima para todo genero de personas dóctas, é indoctas, llena de todo genero de erudición sagrada, y profana. Corregida y enmendada en esta ultima impresión, con índice de las cosas más notables que se encuentran en el.
500 ## - NOTA GENERAL
Nota general Estado físico: presenta encuadernación en pergamino, con algunas hojas manchadas
500 ## - NOTA GENERAL
Nota general Con marca de fuego: “Procedencia de la marca: Convento de San Francisco de Silao, Guanajuato(1). Institución: Provincia de San Pedro y San Pablo de Michoacán. Descripción: Abreviatura de la palabra Conv[en]to seguido del monograma compuesto por las iniciales “A”, “S”, “I” y “L” que se desata como Silao. El todo inscrito en un rectángulo. Observaciones: David Saavedra la adjudica al Convento Franciscano de Silao, Guanajuato. Con el testimonio de pertenencia ubicado en este ejemplar se corrobora la atribución realizada por David Saavedra. Ubicación de la marca en el libro: Canto superior, inferior y lateral”
650 14 - PUNTO DE ACCESO ADICIONAL DE MATERIA--TÉRMINO DE MATERIA
Término de materia o nombre geográfico como elemento de entrada Cristianismo
Subdivisión cronológica Obras anteriores a 1800
9 (RLIN) 21839
700 1# - PUNTO DE ACCESO ADICIONAL--NOMBRE DE PERSONA
Nombre de persona Espinola, Baeza, Echaburu, Juan de
Término indicativo de función/relación tr.
9 (RLIN) 21840
700 1# - PUNTO DE ACCESO ADICIONAL--NOMBRE DE PERSONA
Nombre de persona Román, Blas
Término indicativo de función/relación Impresor
9 (RLIN) 21841
856 ## - LOCALIZACIÓN Y ACCESO ELECTRÓNICOS
Nombre del host http://www.marcasdefuego.buap.mx:8180/xmLibris/projects/firebrand/item.jsp?repository=marcas_de_fuego&key=marcas_de_fuego_franciscanas_20150807140752_1047.xml&num=130
902 ## - CATALOGADOR
Iniciales CFM
942 ## - ELEMENTOS DE PUNTO DE ACCESO ADICIONAL (KOHA)
Fuente del sistema de clasificación o colocación Library of Congress Classification
Tipo de ítem Koha Libros
Holdings
Estado de retiro Estado de pérdida Estado dañado No para préstamo Localización permanente Ubicación/localización actual Fecha de adquisición Total de préstamos Signatura topográfica completa Código de barras Fecha visto por última vez Precio válido a partir de Tipo de ítem Koha
El ejemplar forma parte de la colección y puede ser consultado según las políticas vigentes.       Biblioteca del Museo Franz Mayer (Rogerio Casas-Alatriste) Biblioteca del Museo Franz Mayer (Rogerio Casas-Alatriste) 29/03/2017   BE134 .S46 1777 CFM00096 22/03/2019 22/03/2019 Libros